000 01064nam a2200313Ia 4500
003 OSt
005 20221006160554.0
006 a|||||r|||| 00| 0
007 ta
008 221006b |||||||| |||| 00| 0 eng d
020 _a9788984213470
_c
_24.95
024 _a45,523
037 _bIN/2014-15/1372, 12/03/2015, Selectbook Service Syndicate
_cTextual
040 _aEASL
_cEASL
_beng
041 _2eng
_aeng
082 _aV49W:19(C9B3), Q3
100 _aLee Su Hoon Ed.
245 0 _aNortheast Asia's nuclear challenges
260 _aSeoul
_bKyungnam University Press Korea
_c2013
300 _a230p.
_ccm.
490 _v Gen
_aExplorations in Korean Studies
650 _a G-Eight global partnership
_9674191
650 _a Gen
650 _a North Korean Nuclear threat
_9674192
650 _a Nuclear Power - China - Japan - Korea
_9674193
650 _aObama Doctrine
_9674194
942 _hV49W:19(C9B3), Q3
_cTEXL
_2CC
999 _c1113615
_d1113615